Como ler Fernando Pessoa (Record no. 73748)

MARC details
000 -LÍDER
campo de controle de tamanho fixo 00402 a2200169 4500
001 - NÚMERO DE CONTROLE
campo de controle 73748
020 ## - ISBN - INTERNATIONAL STANDARD BOOK NUMBER
ISBN - International Standard Book Number 8526212303
040 ## - FONTE DA CATALOGAÇÃO
Instituição que transcreveu o registro Anchieta - Colégio São Paulo
100 ## - ENTRADA PRINCIPAL--NOME PESSOAL
Nome pessoal Infante, José de Nicola Ulisses
240 10 - TÍTULO UNIFORME
Título uniforme Como ler Fernando Pessoa
Idioma da obra por
245 10 - TÍTULO
Título Como ler Fernando Pessoa
300 ## - DESCRIÇÃO FÍSICA
Extensão 111
362 0# - DATAS DE PUBLICAÇÃO E/OU DESIGNAÇÃO SEQUENCIAL
Datas de publicação e/ou designação sequencial 1988
440 #1 - DECLARAÇÃO DE SÉRIE/ENTRADA ADICIONADA--TÍTULO
Título Scipione
650 #4 - ASSUNTO--TERMO TÓPICO
Cabeçalho tópico ou nome geográfico Poesia portuguesa
942 ## - ELEMENTOS DE ENTRADA ADICIONADOS (KOHA)
Tipo de material Koha Livros
Holdings
Situação do descarte Situação das perdas Situação física Não pode ser emprestado Biblioteca de origem Biblioteca atual Data de aquisição Total de empréstimos Código de barras Data de último acesso Data do preço efetivo Tipo de material Koha
        Colégio São Paulo Colégio São Paulo 22/11/2023   4066/CSP 22/11/2023 22/11/2023 Livros